| 000 | 00337nam a22001337a 4500 | ||
|---|---|---|---|
| 020 | _a0-444-00772-5 | ||
| 082 | _a621.388 VEI'T | ||
| 100 |
_aVEITH, RICHARD H _974097 |
||
| 245 | _aTELEVISION TELETEXT | ||
| 260 |
_aNEWYORK _bNORTH HOLLAND _c1983 |
||
| 300 | _a180P | ||
| 650 |
_aTELETEXT (DATA TRANSMISSION SYSTEM) _974098 |
||
| 942 | _cBK | ||
| 999 |
_c579672 _d579672 |
||